000 00613nam a2200229Ia 4500
005 20250108124950.0
008 008 250107s9999 xx 000 0 eng d
020 _a978-93-5620-499-7
037 _aTB
040 _aCRL
_beng
_cCRL
041 _aeng
_2eng
084 _aT.2 152R2
084 _qCRL
100 _aSivasankari Au.
_9636931
245 0 _aKnit India through literature
_cSivasankari Au.
260 _aChennai, India
_bVanathi Pathippakam
_c2846
365 _aINR
_b350
490 _vVol.1
650 _aENGLISH LITERATURE
942 _cTB
_hT.2 152R2
999 _c1235234
_d1235234